Т. 1; Аналитическая геометрия

書誌詳細
Parent link:Аналитическая геометрия/ Б. Н. Делоне, Д. А. Райков. Т. 1.— , 1948-1949
言語:ロシア語
出版事項: 1948
主題:
フォーマット: 図書
KOHA link:https://koha.lib.tpu.ru/cgi-bin/koha/opac-detail.pl?biblionumber=115766

MARC

LEADER 00000nam2a2200000 4500
001 115766
005 20231101215301.0
035 |a (RuTPU)RU\TPU\book\125229 
035 |a RU\TPU\book\109213 
090 |a 115766 
100 |a 20060911d1948 m y0rusy50 ca 
101 0 |a rus 
102 |a RU 
105 |a a z 001zy 
200 0 |a Т. 1 
210 |d 1948 
215 |a 456 с.  |c ил. 
320 |a Алфавитный указатель.: с. 448-456. 
461 1 |0 (RuTPU)RU\TPU\book\109213  |t Аналитическая геометрия  |f Б. Н. Делоне, Д. А. Райков  |v Т. 1  |d 1948-1949 
606 1 |a Аналитическая геометрия  |2 stltpush  |3 (RuTPU)RU\TPU\subj\28991  |9 52410 
610 1 |a векторы 
610 1 |a линейные преобразования 
610 1 |a матрицы 
610 1 |a отображения 
610 1 |a множества 
610 1 |a эллипсы 
610 1 |a гиперболы 
610 1 |a параболы 
675 |a 514.12  |v 3 
801 1 |a RU  |b 63413507  |c 20070514  |g PSBO 
801 2 |a RU  |b 63413507  |c 20190206  |g PSBO 
942 |c BK